Una piazza di paesi uniti - Statistics

Statistiche generali
  • Questo quiz è stato fatto 217 volte
  • Il punteggio medio è 36 su 52
Risposte nella Mappa
Le risposte nella mappa del quiz sottostante sono codificate secondo una scala di colori dal rosso al verde in base alla % di persone che hanno risposto correttamente.
 
Statistiche sulle risposte
nazione % Corretto
Germania
98%
Cina
96%
Giappone
95%
Argentina
94%
Egitto
94%
Spagna
92%
Svezia
91%
Islanda
89%
Portogallo
89%
Libia
88%
Turchia
86%
Finlandia
85%
Svizzera
82%
Iran
81%
Marocco
81%
Pakistan
81%
Austria
80%
Irlanda
80%
Nuova Zelanda
80%
Kazakistan
77%
Venezuela
76%
Namibia
75%
Sudan
75%
Ciad
74%
Sri Lanka
74%
Angola
73%
Polonia
73%
Madagascar
72%
Ucraina
72%
Messico
71%
Australia
69%
Etiopia
68%
Mongolia
64%
Tunisia
64%
Bolivia
63%
Brasile
62%
Paraguay
58%
Perù
56%
Yemen
56%
Oman
53%
Romania
51%
Afghanistan
48%
Kenya
47%
Algeria
46%
Colombia
45%
Papua Nuova Guinea
43%
Uruguay
42%
Arabia Saudita
41%
Bielorussia
41%
Ecuador
35%
Corea del Sud
34%
Tanzania
26%
Nessun quiz corrispondente trovato
Distribuzione punteggi
Percentuale di utenti per punteggio
Percentile per numero di risposta
I tuoi punteggi nel tempo
Non hai fatto questo quiz